| 000 | 00997nam a2200205 i 4500 | ||
|---|---|---|---|
| 001 | 163663 | ||
| 003 | ES-MaACL | ||
| 005 | 20230906212802.0 | ||
| 008 | 940615s1882 sp |||| |dspa d | ||
| 040 |
_aAR _bspa |
||
| 080 | _a929 López de Mendoza y Pons, Agustin | ||
| 080 | _a94(460)"1700/14"(093.3) | ||
| 100 | 1 |
_aLópez de Mendoza y Pons, Agustín _cConde de Robres. _9131902 |
|
| 245 | 1 | 0 |
_aHistoria de las guerras civiles de España _b: desde la muerte del señor Carlos II, que sucedió en 1º de noviembre de 1700, distribuida en ocho libros, por los mismos años regulados hasta el de 1708 / _cescrita por el Sr. Agustín López de Mendoza y Pons. |
| 260 |
_aZaragoza : _bDiputación Provincial, _c1882 ( _fImp. del Hospicio Provincial) |
||
| 300 |
_aXV, 408 p. ; _c30 cm. |
||
| 600 | 1 | 4 |
_aLópez de Mendoza y Pons, Agustín _cConde de Robres. _9131902 |
| 650 | 4 |
_aGuerra de Sucesión española, 1700-1714- _vRelatos personales. _9160896 |
|
| 852 |
_aES-MaACL _jB-11592 _z- enc. hol. |
||
| 999 |
_c163663 _d163663 |
||